[Event "Davos op 19th"]
[Site "Davos"]
[Date "2020.08.09"]
[Round "5"]
[White "Petrovski, Igor"]
[Black "Mattenberger, Matthias"]
[Result "1-0"]
[WhiteElo "2190"]
[BlackElo "1793"]
[PlyCount "87"]
[EventDate "2020.08.07"]
[EventType "swiss"]
[EventRounds "5"]
[EventCountry "SUI"]
[SourceTitle "CBM 197 Extra"]
[Source "ChessBase"]
[SourceDate "2020.09.30"]
[SourceVersion "1"]
[SourceVersionDate "2020.09.30"]
[SourceQuality "1"]

1. e4 c5 2. Nf3 d6 3. Bb5+ Bd7 4. Bxd7+ Qxd7 5. c4 Nf6 6. Nc3 Nc6 7. d4 cxd4 8. Nxd4 e6 9. 0-0 Rc8 10. b3 Be7 11. Bb2 0-0 12. Nc2 Rfd8 13. Qe2 a6 14. Rfd1 Qc7 15. Ne3 Ne5 16. f4 Ned7 17. Kh1 Nc5 18. Nc2 d5 19. exd5 Qxf4 20. Rd4 Qg5 21. b4 e5 22. Rdd1 Ncd7 23. c5 Nxc5 24. bxc5 Bxc5 25. Rd3 Ng4 26. Rf1 f5 27. Bc1 Qh4 28. g3 Qh5 29. Nd1 e4 30. Rc3 Qg6 31. Be3 Rxd5 32. Bxc5 Rdxc5 33. Rxc5 Rxc5 34. Nde3 Nxe3 35. Nxe3 Qe6 36. Qf2 g6 37. g4 Ra5 38. a4 Rxa4 39. gxf5 Qf6 40. Qc2 b5 41. Ng4 Qd8 42. Qb3+ Kg7 43. Qc3+ Qd4 44. Qc7+ 1-0

[Event "Berlin Maccabi op"]
[Site "Berlin"]
[Date "2015.08.02"]
[Round "5"]
[White "Kunin, Pavel"]
[Black "Petrovski, Igor"]
[Result "0-1"]
[WhiteElo "1999"]
[BlackElo "2191"]
[PlyCount "72"]
[EventDate "2015.07.29"]
[EventType "swiss"]
[EventRounds "7"]
[EventCountry "GER"]
[SourceTitle "CBM 167 Extra"]
[Source "ChessBase"]
[SourceDate "2015.09.14"]
[SourceVersion "1"]
[SourceVersionDate "2015.09.14"]
[SourceQuality "1"]

1. e4 c5 2. Be2 Nc6 3. f4 g6 4. Nf3 Bg7 5. 0-0 d6 6. Kh1 Nf6 7. d3 0-0 8. c3 b5 9. a4 bxa4 10. Qxa4 Bd7 11. Qc2 Qc7 12. Be3 Rab8 13. Nbd2 Qb7 14. b3 Be6 15. Ra3 Rfc8 16. h3 Nh5 17. Kh2 Nd4 18. cxd4 cxd4 19. Qxc8+ Rxc8 20. Nxd4 Bxd4 21. Bxd4 Qb4 22. Nc4 Bxc4 23. Ra4 Qd2 24. Bxh5 Bxb3 25. Ra3 Qb4 26. Bg4 Rc2 27. Rxa7 Qxd4 28. Rxe7 Qb2 29. Bf3 Be6 30. h4 Bg4 31. f5 Bxf3 32. Rxf3 Rxg2+ 33. Kh3 Rh2+ 34. Kg3 Qg2+ 35. Kf4 Rxh4+ 36. Ke3 Qg5+ 0-1

[Event "Maccabiah op"]
[Site "Jerusalem"]
[Date "2013.07.26"]
[Round "8"]
[White "Erenberg, Ariel"]
[Black "Petrovski, Igor"]
[Result "1-0"]
[WhiteElo "1931"]
[BlackElo "2185"]
[PlyCount "55"]
[EventDate "2013.07.21"]
[EventType "swiss"]
[EventRounds "9"]
[EventCountry "ISR"]
[SourceTitle "EXT 2014"]
[Source "ChessBase"]
[SourceDate "2013.11.20"]
[SourceVersion "1"]
[SourceVersionDate "2013.11.20"]
[SourceQuality "1"]

1. d4 Nf6 2. c4 c5 3. d5 b5 4. cxb5 a6 5. b6 d6 6. Nc3 g6 7. a4 Qxb6 8. Nf3 Bg7 9. a5 Qb4 10. Ra4 Qb7 11. e4 0-0 12. Nd2 Bd7 13. Ra3 Bb5 14. Qb3 Nbd7 15. Nxb5 axb5 16. Bxb5 Rfb8 17. Bc6 Qc7 18. Bxa8 Rxb3 19. Nxb3 Nxe4 20. a6 c4 21. a7 Qb6 22. 0-0 cxb3 23. Bc6 Bd4 24. a8Q+ Kg7 25. Bxd7 Bxf2+ 26. Kh1 Qd4 27. Qf8+ Kf6 28. Qh8# 1-0

[Event "EU-ch U18"]
[Site "Albena"]
[Date "2011.09.12"]
[Round "2"]
[White "Komut, Burak"]
[Black "Petrovski, Igor"]
[Result "1-0"]
[WhiteElo "2007"]
[BlackElo "2215"]
[PlyCount "73"]
[EventDate "2011.09.11"]
[EventType "swiss"]
[EventRounds "9"]
[EventCountry "BUL"]
[SourceTitle "CBM 144 Extra"]
[Source "ChessBase"]
[SourceDate "2011.10.28"]
[SourceVersion "1"]
[SourceVersionDate "2011.10.28"]
[SourceQuality "1"]

1. d4 Nf6 2. Nf3 c5 3. d5 b5 4. Bg5 Ne4 5. Bh4 Bb7 6. Qd3 f5 7. Nbd2 c4 8. Qd4 Nxd2 9. Qxd2 Qb6 10. Rd1 Na6 11. c3 Nc5 12. Qf4 g6 13. g4 fxg4 14. Ne5 Qd6 15. Qf7+ Kd8 16. Bg3 Qa6 17. Bg2 d6 18. Nc6+ Kd7 19. a3 Rc8 20. 0-0 h5 21. Qxg6 Rh6 22. Qg5 e5 23. dxe6+ Nxe6 24. Qxh6 Bxh6 25. Rxd6+ Ke8 26. Rxe6+ Kf7 27. Nd4 Qxe6 28. Nxe6 Bxg2 29. Kxg2 Kxe6 30. Rd1 Rc6 31. h3 gxh3+ 32. Kxh3 a6 33. e4 Kf7 34. Kh4 Kg6 35. f4 Bf8 36. f5+ Kh7 37. Rd7+ 1-0

[Event "EU-ch U18"]
[Site "Albena"]
[Date "2011.09.11"]
[Round "1"]
[White "Petrovski, Igor"]
[Black "Arribas Lopez, Angel"]
[Result "0-1"]
[WhiteElo "2215"]
[BlackElo "2440"]
[PlyCount "50"]
[EventDate "2011.09.11"]
[EventType "swiss"]
[EventRounds "9"]
[EventCountry "BUL"]
[SourceTitle "CBM 144 Extra"]
[Source "ChessBase"]
[SourceDate "2011.10.28"]
[SourceVersion "1"]
[SourceVersionDate "2011.10.28"]
[SourceQuality "1"]

1. e4 e6 2. d4 d5 3. Nc3 Nf6 4. e5 Nfd7 5. f4 c5 6. Nf3 Qb6 7. Be3 a6 8. Na4 Qa5+ 9. c3 cxd4 10. b4 Qc7 11. Bxd4 Nc6 12. a3 Be7 13. Nb2 0-0 14. Bd3 Nxd4 15. cxd4 Qc3+ 16. Qd2 Qxd2+ 17. Nxd2 a5 18. b5 a4 19. Bc2 Nb6 20. Nb1 f6 21. Nc3 fxe5 22. fxe5 Bd7 23. Bd3 Rfc8 24. Ne2 Ra5 25. Nf4 Rc3 0-1

[Event "FRM-ch op 20th"]
[Site "Struga"]
[Date "2011.07.23"]
[Round "8"]
[White "Gochev, Mladen"]
[Black "Petrovski, Igor"]
[Result "0-1"]
[WhiteElo "2292"]
[BlackElo "2234"]
[PlyCount "66"]
[EventDate "2011.07.16"]
[EventType "swiss"]
[EventRounds "9"]
[EventCountry "MKD"]
[SourceTitle "CBM 143 Extra"]
[Source "ChessBase"]
[SourceDate "2011.08.29"]
[SourceVersion "1"]
[SourceVersionDate "2011.08.29"]
[SourceQuality "1"]

1. e4 c5 2. Nf3 d6 3. d4 cxd4 4. Nxd4 Nf6 5. Nc3 a6 6. g3 e6 7. Bg2 Be7 8. 0-0 Qc7 9. Be3 Nc6 10. f4 0-0 11. Nb3 b5 12. g4 Bb7 13. g5 Nd7 14. Qe2 Rfe8 15. Rf3 b4 16. Na4 Nd8 17. Rh3 g6 18. c4 Bc6 19. Qf2 Bxa4 20. Qh4 Nf8 21. f5 e5 22. f6 Nde6 23. Qh6 Bd8 24. Rf1 Bxb3 25. axb3 Qb7 26. c5 dxc5 27. Bf3 Bb6 28. Bg4 Red8 29. Rhf3 c4 30. Bxb6 Qxb6+ 31. Kh1 Rd3 32. Bxe6 Nxe6 33. bxc4 Rxf3 0-1

[Event "FRM-ch op 20th"]
[Site "Struga"]
[Date "2011.07.21"]
[Round "6"]
[White "Kacakovski, Dimitar"]
[Black "Petrovski, Igor"]
[Result "1/2-1/2"]
[WhiteElo "2130"]
[BlackElo "2234"]
[PlyCount "71"]
[EventDate "2011.07.16"]
[EventType "swiss"]
[EventRounds "9"]
[EventCountry "MKD"]
[SourceTitle "CBM 143 Extra"]
[Source "ChessBase"]
[SourceDate "2011.08.29"]
[SourceVersion "1"]
[SourceVersionDate "2011.08.29"]
[SourceQuality "1"]

1. e4 c5 2. Nf3 d6 3. d4 cxd4 4. Nxd4 Nf6 5. Nc3 a6 6. Bg5 e6 7. f4 Qb6 8. Qd2 Qxb2 9. Rb1 Qa3 10. e5 h6 11. Bh4 dxe5 12. fxe5 Nfd7 13. Ne4 Qxa2 14. Rd1 Qd5 15. Qe3 Qxe5 16. Be2 Bc5 17. Bg3 Bxd4 18. Rxd4 Qa5+ 19. Rd2 0-0 20. Bd6 Rd8 21. 0-0 Nc6 22. Qg3 f5 23. Qg6 Kh8 24. Bf4 Nde5 25. Qh5 fxe4 26. Rxd8+ Qxd8 27. Bxe5 Nxe5 28. Qxe5 Qd5 29. Rf8+ Kh7 30. Qc7 Qc6 31. Qf7 Qb6+ 32. Kf1 Qb1+ 33. Kf2 Qb6+ 34. Kf1 Qb1+ 35. Kf2 Qb6+ 36. Kf1 1/2-1/2

[Event "Balkan-ch U18"]
[Site "Pljevlja"]
[Date "2011.07.09"]
[Round "8"]
[White "Potpara, Nikola"]
[Black "Petrovski, Igor"]
[Result "1-0"]
[WhiteElo "2195"]
[BlackElo "2234"]
[PlyCount "89"]
[EventDate "2011.07.02"]
[EventType "tourn"]
[EventRounds "9"]
[EventCountry "MNE"]
[SourceTitle "CBM 143 Extra"]
[Source "ChessBase"]
[SourceDate "2011.08.29"]
[SourceVersion "1"]
[SourceVersionDate "2011.08.29"]
[SourceQuality "1"]

1. d4 Nf6 2. c4 c5 3. d5 b5 4. cxb5 a6 5. b6 e6 6. Nc3 Nxd5 7. Nxd5 exd5 8. Qxd5 Nc6 9. Nf3 Rb8 10. e4 Be7 11. Bc4 0-0 12. Bd2 Rxb6 13. Bc3 Nb4 14. Qd2 Bb7 15. 0-0-0 Bxe4 16. Qxd7 Bg5+ 17. Nxg5 Qxg5+ 18. Rd2 Bc6 19. Qc7 Rb7 20. Qe5 Qxe5 21. Bxe5 Re8 22. Bd6 Re4 23. b3 Rxc4+ 24. bxc4 Be4 25. f3 Bf5 26. Rhd1 f6 27. a3 Nc6 28. Rb2 Rf7 29. Bxc5 h5 30. Bd6 a5 31. Rb6 Bd7 32. Bg3 Be8 33. Rd6 h4 34. Bxh4 Ne5 35. Rb8 Re7 36. c5 Kf7 37. Bg3 Nc4 38. Ra6 Ba4 39. Rb4 axb4 40. Rxa4 Nxa3 41. Rxb4 Re2 42. Rb3 Ra2 43. c6 Ke6 44. c7 Kd7 45. Rd3+ 1-0

[Event "Balkan-ch U18"]
[Site "Pljevlja"]
[Date "2011.07.05"]
[Round "4"]
[White "Petrovski, Igor"]
[Black "Kisic, Bozidar"]
[Result "1-0"]
[WhiteElo "2234"]
[BlackElo "1919"]
[PlyCount "72"]
[EventDate "2011.07.02"]
[EventType "tourn"]
[EventRounds "9"]
[EventCountry "MNE"]
[SourceTitle "CBM 143 Extra"]
[Source "ChessBase"]
[SourceDate "2011.08.29"]
[SourceVersion "1"]
[SourceVersionDate "2011.08.29"]
[SourceQuality "1"]

1. e4 c5 2. Nf3 e6 3. d3 Nc6 4. g3 d5 5. Nbd2 Nf6 6. Bg2 Be7 7. 0-0 0-0 8. Re1 h6 9. e5 Nd7 10. h4 Re8 11. Nf1 f6 12. exf6 Bxf6 13. N1h2 Nf8 14. Ng4 e5 15. Nxf6+ Qxf6 16. Nh2 Be6 17. Ng4 Bxg4 18. Qxg4 Rad8 19. c3 Ne6 20. Bd2 Rf8 21. Rf1 a6 22. Rae1 Rfe8 23. Kh2 a5 24. f4 exf4 25. Bxf4 Nxf4 26. Rxe8+ Rxe8 27. Rxf4 Qd6 28. Qf5 Re2 29. Kh3 Ne5 30. d4 Ng6 31. Qxd5+ Qxd5 32. Bxd5+ Kh8 33. Re4 Rxb2 34. Re8+ Kh7 35. h5 Ne7 36. Rxe7 cxd4 1-0

[Event "Balkan-ch U18"]
[Site "Pljevlja"]
[Date "2011.07.03"]
[Round "2"]
[White "Petrovski, Igor"]
[Black "Pecurica, Milos"]
[Result "0-1"]
[WhiteElo "2234"]
[BlackElo "2122"]
[PlyCount "178"]
[EventDate "2011.07.02"]
[EventType "tourn"]
[EventRounds "9"]
[EventCountry "MNE"]
[SourceTitle "CBM 143 Extra"]
[Source "ChessBase"]
[SourceDate "2011.08.29"]
[SourceVersion "1"]
[SourceVersionDate "2011.08.29"]
[SourceQuality "1"]

1. e4 c5 2. Nf3 d6 3. Bb5+ Bd7 4. Bxd7+ Qxd7 5. c4 Nf6 6. Nc3 g6 7. d4 cxd4 8. Nxd4 Bg7 9. f3 0-0 10. Be3 Nc6 11. Qd2 Rac8 12. Nde2 Ne5 13. b3 a6 14. a4 Qd8 15. 0-0 Nfd7 16. Rfd1 Nc5 17. Rab1 a5 18. Qc2 Qe8 19. Nd5 Nc6 20. Qd2 Qd8 21. Qe1 Ne5 22. Nd4 Ned3 23. Qe2 Nb4 24. Nb5 Nxd5 25. exd5 Qd7 26. Bd2 b6 27. Bf4 Qf5 28. Bg3 Rfe8 29. Qd2 g5 30. Nd4 Qg6 31. Nb5 h5 32. Rf1 h4 33. Bf2 Be5 34. Be3 f6 35. f4 gxf4 36. Bxf4 Nd3 37. Bxe5 fxe5 38. Kh1 Rf8 39. Rbd1 Rf4 40. Rxf4 Nxf4 41. Nc3 Rf8 42. Rf1 Rf7 43. Rf3 Rg7 44. Rf2 Nd3 45. Rf3 Nf4 46. Rf2 h3 47. g3 Nd3 48. Rf3 Nc5 49. Qf2 Rf7 50. Rxf7 Qxf7 51. Qe2 Qf5 52. Kg1 Nxb3 53. Qe4 Qg5 54. Kf2 Nc5 55. Qe3 Qf6+ 56. Ke2 Nb3 57. Ne4 Qg6 58. Qg5 Qxg5 59. Nxg5 Nc5 60. Nxh3 Nxa4 61. Kd2 Nc5 62. Ng5 Kg7 63. h4 a4 64. g4 e4 65. Nh3 a3 66. Kc2 e3 67. Nf4 Kf6 68. g5+ Kf5 69. Ne2 e6 70. dxe6 Nxe6 71. Kb3 Nf4 72. Nxf4 Kxf4 73. g6 e2 74. g7 e1Q 75. g8Q Qe3+ 76. Ka2 Qc5 77. Qd5 Qxd5 78. cxd5 Kg4 79. Kxa3 Kxh4 80. Kb4 Kg4 81. Kb5 Kf5 82. Kxb6 Ke4 83. Kc6 Ke5 84. Kb5 Kxd5 85. Kb4 Kd4 86. Kb3 Kd3 87. Kb2 d5 88. Kc1 Ke2 89. Kc2 d4 0-1

[Event "Skopje Karposh op"]
[Site "Skopje"]
[Date "2011.04.04"]
[Round "4"]
[White "Tosic, Miroslav"]
[Black "Petrovski, Igor"]
[Result "1/2-1/2"]
[WhiteElo "2408"]
[BlackElo "2177"]
[PlyCount "85"]
[EventDate "2011.04.02"]
[EventType "swiss"]
[EventRounds "9"]
[EventCountry "MKD"]
[SourceTitle "CBM 141 Extra"]
[Source "ChessBase"]
[SourceDate "2011.05.03"]
[SourceVersion "1"]
[SourceVersionDate "2011.05.03"]
[SourceQuality "1"]

1. d4 Nf6 2. Nc3 d5 3. Bf4 e6 4. e3 Be7 5. Nf3 a6 6. Ne5 Nbd7 7. Bd3 c5 8. 0-0 0-0 9. b3 Nxe5 10. dxe5 Nd7 11. e4 d4 12. Nb1 Qc7 13. Nd2 Nxe5 14. Bxe5 Qxe5 15. f4 Qc7 16. e5 f5 17. exf6 Bxf6 18. Ne4 g6 19. Qe2 Bd7 20. a4 Rae8 21. Rae1 Bg7 22. Ng5 Rxf4 23. Nxh7 Rh4 24. g3 Rxh7 25. Bxg6 Rh6 26. Bxe8 Bxe8 27. Rf4 Rg6 28. Re4 d3 29. Qxd3 Bd4+ 30. Kg2 Bc6 31. Kh3 Rh6+ 32. Rh4 Rxh4+ 33. gxh4 Qg7 34. Qg3 e5 35. Qg5 e4 36. Kg4 e3 37. Re2 Kh7 38. Qxg7+ Kxg7 39. c3 Bd7+ 40. Kf3 Bc6+ 41. Kg4 Bd7+ 42. Kf3 Bc6+ 43. Kg4 1/2-1/2

[Event "Skopje Karposh op"]
[Site "Skopje"]
[Date "2011.04.03"]
[Round "3"]
[White "Petrovski, Igor"]
[Black "Jacimovic, Dragoljub"]
[Result "1/2-1/2"]
[WhiteElo "2177"]
[BlackElo "2427"]
[PlyCount "73"]
[EventDate "2011.04.02"]
[EventType "swiss"]
[EventRounds "9"]
[EventCountry "MKD"]
[SourceTitle "CBM 141 Extra"]
[Source "ChessBase"]
[SourceDate "2011.05.03"]
[SourceVersion "1"]
[SourceVersionDate "2011.05.03"]
[SourceQuality "1"]

1. e4 e6 2. d4 d5 3. Nc3 Bb4 4. e5 c5 5. a3 Ba5 6. b4 cxd4 7. Qg4 Ne7 8. bxa5 dxc3 9. Qxg7 Rg8 10. Qxh7 Nbc6 11. Nf3 Qc7 12. Bf4 Bd7 13. a6 b6 14. Bg3 0-0-0 15. Qd3 d4 16. Nxd4 Nxd4 17. Qxd4 Nf5 18. Qc4 Bc6 19. Qxc3 Rd5 20. Bd3 Rc5 21. Qb2 Bxg2 22. Rg1 Bf3 23. Kd2 Rd8 24. Bf4 Be4 25. Bg5 Rdd5 26. Bf6 Qd7 27. Rg8+ Kc7 28. Rd8 Qa4 29. Rxd5 Rxd5 30. Qc3+ Kd7 31. Qb4 Bxd3 32. cxd3 Qxa6 33. Qc3 Rc5 34. Qb4 Rd5 35. Qc3 Rc5 36. Qb4 Rd5 37. Qc3 1/2-1/2

[Event "Skopje Karposh op"]
[Site "Skopje"]
[Date "2011.04.02"]
[Round "1"]
[White "Petrovski, Igor"]
[Black "Jianu, Vlad Cristian"]
[Result "1/2-1/2"]
[WhiteElo "2177"]
[BlackElo "2545"]
[PlyCount "111"]
[EventDate "2011.04.02"]
[EventType "swiss"]
[EventRounds "9"]
[EventCountry "MKD"]
[SourceTitle "CBM 141 Extra"]
[Source "ChessBase"]
[SourceDate "2011.05.03"]
[SourceVersion "1"]
[SourceVersionDate "2011.05.03"]
[SourceQuality "1"]

1. e4 c5 2. Nf3 d6 3. Bb5+ Nd7 4. d4 cxd4 5. Qxd4 a6 6. Bxd7+ Bxd7 7. Nc3 Rc8 8. 0-0 Nf6 9. Qd3 g6 10. Bg5 Bg7 11. Rad1 Be6 12. Rfe1 0-0 13. Nd4 Bc4 14. Qd2 Re8 15. b3 Be6 16. a4 Qc7 17. Bxf6 Bxf6 18. Nce2 b5 19. axb5 axb5 20. Nxb5 Qxc2 21. Qxc2 Rxc2 22. Ned4 Rc5 23. Nxe6 fxe6 24. Nd4 Kf7 25. Nf3 Bc3 26. Re3 h6 27. Ne1 Rb8 28. Nd3 Rcb5 29. Rf3+ Bf6 30. Rb1 Ke8 31. Nf4 g5 32. Ne2 Rb4 33. Re3 Ra8 34. Nc1 Bd4 35. Re2 Rc8 36. Nd3 Rb5 37. Ne1 Rcb8 38. Rd2 Ba7 39. Ra2 R8b7 40. b4 Re5 41. Re2 d5 42. Kf1 dxe4 43. Nf3 Reb5 44. Rxe4 Bc5 45. Rxe6 Rxb4 46. Rxb4 Rxb4 47. Rxh6 Rb2 48. Rh8+ Kf7 49. Nxg5+ Kg7 50. Rc8 Rxf2+ 51. Ke1 Bb6 52. Ne6+ Kh7 53. Ng5+ Kg7 54. Ne6+ Kh7 55. Ng5+ Kg7 56. Ne6+ 1/2-1/2

[Event "Bosnjaci op 16th"]
[Site "Bosnjaci"]
[Date "2011.01.04"]
[Round "2"]
[White "Petrovski, Igor"]
[Black "Zaja, Ivan"]
[Result "0-1"]
[WhiteElo "2165"]
[BlackElo "2497"]
[PlyCount "112"]
[EventDate "2011.01.03"]
[EventType "swiss"]
[EventRounds "9"]
[EventCountry "CRO"]
[SourceTitle "CBM 140 Extra"]
[Source "ChessBase"]
[SourceDate "2011.03.01"]
[SourceVersion "1"]
[SourceVersionDate "2011.03.01"]
[SourceQuality "1"]

1. e4 e5 2. Nf3 Nc6 3. Bb5 a6 4. Ba4 Nf6 5. 0-0 Be7 6. Re1 b5 7. Bb3 d6 8. c3 0-0 9. h3 Nb8 10. a4 Bb7 11. Bc2 Re8 12. d4 Bf8 13. Nbd2 Nbd7 14. Bd3 c6 15. b4 Rc8 16. Bb2 Nb6 17. Bc2 exd4 18. cxd4 Nxa4 19. Bxa4 bxa4 20. Rxa4 Nd7 21. Bc3 g6 22. Nb3 Bg7 23. Na5 Ba8 24. Qd3 Nf6 25. Nb3 c5 26. dxc5 Bxe4 27. Bxf6 Bxd3 28. Bxd8 Rexd8 29. Ra5 Bc4 30. Re3 Rb8 31. Nbd2 Bb5 32. Ne4 dxc5 33. Nxc5 Rd1+ 34. Kh2 Bh6 35. Re1 Bf4+ 36. g3 Rxe1 37. Nxe1 Bc7 38. Ra3 Bb6 39. Ned3 Re8 40. Kg2 h5 41. Ra2 Rd8 42. Ra3 Rd5 43. Nf4 Rd2 44. Nfd3 g5 45. Kf3 Kg7 46. Ke4 Re2+ 47. Kf3 Re8 48. Kg2 g4 49. Nf4 Kh6 50. hxg4 hxg4 51. Ra1 Kg7 52. f3 a5 53. Na4 Bd4 54. Rd1 Be5 55. Nc5 Bc6 56. Rb1 Bxf3+ 0-1

[Event "Belgrade Trophy 23rd"]
[Site "Obrenovac"]
[Date "2010.12.01"]
[Round "8"]
[White "Petrovski, Igor"]
[Black "Veleski, Robert"]
[Result "0-1"]
[WhiteElo "2152"]
[BlackElo "2282"]
[PlyCount "140"]
[EventDate "2010.11.24"]
[EventType "swiss"]
[EventRounds "9"]
[EventCountry "YUG"]
[SourceTitle "CBM 139 Extra"]
[Source "ChessBase"]
[SourceDate "2011.01.05"]
[SourceVersion "1"]
[SourceVersionDate "2011.01.05"]
[SourceQuality "1"]

1. e4 e5 2. Nf3 Nc6 3. Bb5 a6 4. Ba4 Nf6 5. 0-0 Be7 6. Re1 b5 7. Bb3 d6 8. c3 0-0 9. h3 Nb8 10. d4 Nbd7 11. a4 Bb7 12. Bc2 Re8 13. Nbd2 Bf8 14. Bd3 c6 15. b4 g6 16. Bb2 Bg7 17. Qc2 Nb6 18. a5 Na4 19. Ba3 Nd7 20. Rac1 Rc8 21. dxe5 Nxe5 22. Nxe5 Bxe5 23. c4 Re7 24. Qb3 Qf8 25. Nf3 Bf6 26. Rc2 Rce8 27. cxb5 cxb5 28. Nd2 d5 29. f3 Qh6 30. Kh1 Qh4 31. Rec1 Bg5 32. Rf1 Bf4 33. Rd1 Bxd2 34. Rcxd2 dxe4 35. Bxe4 Bxe4 36. fxe4 Rxe4 37. Bc1 Re1+ 38. Kh2 Qf4+ 39. Qg3 Qxg3+ 40. Kxg3 Rxd1 41. Rxd1 Nc3 42. Rf1 f5 43. Kf3 Re4 44. Bd2 Nd5 45. Rc1 Kf7 46. Rc5 Rd4 47. Ke2 Ne7 48. Rc7 Ke6 49. Ra7 Rd6 50. Be3 Nc6 51. Rxh7 Kd5 52. Bc5 Re6+ 53. Kd3 Ne5+ 54. Kc3 Ke4 55. Rb7 Nd3 56. Rb6 Nf4 57. Kd2 Kd5 58. g3 Nxh3 59. Be3 g5 60. Rb8 f4 61. gxf4 gxf4 62. Bb6 Kc4 63. Rh8 Ng5 64. Rf8 Ne4+ 65. Ke2 Nf6+ 66. Kf3 Nd5 67. Bc5 Rf6 68. Rxf6 Nxf6 69. Kxf4 Nd5+ 70. Ke5 Nxb4 0-1

[Event "FRM-chT 19th"]
[Site "Struga"]
[Date "2010.08.13"]
[Round "5"]
[White "Trajanovski, Vlado"]
[Black "Petrovski, Igor"]
[Result "1/2-1/2"]
[WhiteElo "2098"]
[BlackElo "2054"]
[PlyCount "33"]
[EventDate "2010.08.09"]
[EventType "team"]
[EventRounds "7"]
[EventCountry "MKD"]
[SourceTitle "CBM 137 Extra"]
[Source "ChessBase"]
[SourceDate "2010.09.01"]
[SourceVersion "1"]
[SourceVersionDate "2010.09.01"]
[SourceQuality "1"]

1. Nf3 Nf6 2. b3 g6 3. Bb2 Bg7 4. g3 d6 5. Bg2 e5 6. d3 0-0 7. 0-0 h6 8. c4 Nc6 9. Nbd2 Nd7 10. Ne1 Nc5 11. Nc2 a5 12. a3 Nd4 13. Nxd4 exd4 14. b4 axb4 15. axb4 Rxa1 16. Qxa1 Ne6 17. Nb3 1/2-1/2

[Event "Senta op-B 14th"]
[Site "Senta"]
[Date "2010.07.23"]
[Round "8"]
[White "Petrovski, Igor"]
[Black "Miladinovic, Lena"]
[Result "1/2-1/2"]
[WhiteElo "2054"]
[BlackElo "2023"]
[PlyCount "41"]
[EventDate "2010.07.17"]
[EventType "swiss"]
[EventRounds "9"]
[EventCountry "YUG"]
[SourceTitle "EXT 2011"]
[Source "ChessBase"]
[SourceDate "2010.11.26"]
[SourceVersion "1"]
[SourceVersionDate "2010.11.26"]
[SourceQuality "1"]

1. e4 c5 2. Nf3 e6 3. d3 b6 4. g3 Bb7 5. Bg2 d6 6. 0-0 Be7 7. Nbd2 Nf6 8. Re1 Nbd7 9. c3 Rc8 10. h4 Ne5 11. d4 Nd3 12. Re3 Nxc1 13. Rxc1 0-0 14. Ng5 cxd4 15. cxd4 Rxc1 16. Qxc1 Ng4 17. Rc3 Bxg5 18. hxg5 Qxg5 19. Rc7 Ba6 20. Rxa7 Rc8 21. Rc7 1/2-1/2

[Event "Senta op-B 14th"]
[Site "Senta"]
[Date "2010.07.21"]
[Round "6"]
[White "Desnica, Vladan"]
[Black "Petrovski, Igor"]
[Result "1/2-1/2"]
[WhiteElo "2083"]
[BlackElo "2054"]
[PlyCount "81"]
[EventDate "2010.07.17"]
[EventType "swiss"]
[EventRounds "9"]
[EventCountry "YUG"]
[SourceTitle "EXT 2011"]
[Source "ChessBase"]
[SourceDate "2010.11.26"]
[SourceVersion "1"]
[SourceVersionDate "2010.11.26"]
[SourceQuality "1"]

1. d4 Nf6 2. c4 c5 3. d5 b5 4. cxb5 a6 5. b6 g6 6. Nc3 Qxb6 7. e4 d6 8. Nf3 Bg7 9. Nd2 0-0 10. Nc4 Qc7 11. Be2 Nbd7 12. Bf4 Nb6 13. Ne3 a5 14. a4 Ba6 15. Bxa6 Rxa6 16. Qc2 c4 17. Rc1 Nfd7 18. Nb5 Qc5 19. 0-0 Rc8 20. Bg5 Kf8 21. Ng4 Qb4 22. Nc3 Nc5 23. Ra1 Nd3 24. Rab1 Qb3 25. Qd2 h5 26. Nh6 Nxa4 27. Nxa4 Qxa4 28. b3 Qb4 29. Qe2 Rb6 30. g4 hxg4 31. bxc4 Qxb1 32. Rxb1 Rxb1+ 33. Kg2 Ne5 34. Qa2 Rb4 35. Qxa5 Rbxc4 36. Qa7 R4c7 37. Qa6 Rc3 38. Bf4 Nd3 39. Bd2 Bxh6 40. Bxh6+ Kg8 41. Qa7 1/2-1/2

[Event "Senta op-B 14th"]
[Site "Senta"]
[Date "2010.07.20"]
[Round "5"]
[White "Petrovski, Igor"]
[Black "Pajzer, Istvan"]
[Result "1-0"]
[WhiteElo "2054"]
[BlackElo "2092"]
[PlyCount "63"]
[EventDate "2010.07.17"]
[EventType "swiss"]
[EventRounds "9"]
[EventCountry "YUG"]
[SourceTitle "EXT 2011"]
[Source "ChessBase"]
[SourceDate "2010.11.26"]
[SourceVersion "1"]
[SourceVersionDate "2010.11.26"]
[SourceQuality "1"]

1. e4 c5 2. Nf3 d6 3. Bb5+ Bd7 4. Bxd7+ Qxd7 5. c4 Nc6 6. Nc3 g6 7. d4 cxd4 8. Nxd4 Bg7 9. Be3 Nf6 10. f3 0-0 11. Nde2 Rac8 12. 0-0 a6 13. a4 a5 14. b3 h6 15. Qd2 Kh7 16. Rac1 Nb4 17. Rfd1 Qc6 18. Nd4 Qa6 19. Ndb5 Rcd8 20. Qf2 Nd7 21. Nd5 Nxd5 22. cxd5 b6 23. Rc7 Bf6 24. Bd4 Bxd4 25. Nxd4 Ne5 26. Rxe7 Kg7 27. Nb5 Qa8 28. Qxb6 Qc8 29. Rc7 Qa8 30. Nxd6 g5 31. Nf5+ Kg8 32. Qf6 1-0

[Event "Belgrade Spring op"]
[Site "Belgrade"]
[Date "2010.03.30"]
[Round "7"]
[White "Andrejic, Vladica"]
[Black "Petrovski, Igor"]
[Result "1-0"]
[WhiteElo "2187"]
[BlackElo "2026"]
[PlyCount "71"]
[EventDate "2010.03.23"]
[EventType "swiss"]
[EventRounds "9"]
[EventCountry "YUG"]
[SourceTitle "CBM 135 Extra"]
[Source "ChessBase"]
[SourceDate "2010.05.04"]
[SourceVersion "1"]
[SourceVersionDate "2010.05.04"]
[SourceQuality "1"]

1. d4 Nf6 2. c4 c5 3. d5 b5 4. cxb5 a6 5. bxa6 Bxa6 6. Nc3 d6 7. Nf3 g6 8. h3 Nbd7 9. e4 Bxf1 10. Kxf1 Bg7 11. Kg1 0-0 12. Kh2 Ra6 13. Re1 Qa8 14. Re2 Rb8 15. Rc2 Nb6 16. Qe2 Na4 17. Nd1 Ne8 18. Rb1 Nc7 19. Bg5 Nb5 20. Rbc1 Nc7 21. b3 f6 22. Bf4 Nb6 23. Nc3 f5 24. exf5 Bxc3 25. Rxc3 Nbxd5 26. fxg6 hxg6 27. Qe4 Nxf4 28. Qxf4 Rxa2 29. Ng5 Qd5 30. Qh4 Qe5+ 31. Rg3 Qg7 32. Qc4+ Kf8 33. Rf3+ Ke8 34. Re1 Kd7 35. Rf7 Qd4 36. Rexe7+ 1-0

[Event "Belgrade Spring op"]
[Site "Belgrade"]
[Date "2010.03.26"]
[Round "4"]
[White "Elez, Nikola"]
[Black "Petrovski, Igor"]
[Result "1-0"]
[WhiteElo "2232"]
[BlackElo "2026"]
[PlyCount "103"]
[EventDate "2010.03.23"]
[EventType "swiss"]
[EventRounds "9"]
[EventCountry "YUG"]
[SourceTitle "CBM 135 Extra"]
[Source "ChessBase"]
[SourceDate "2010.05.04"]
[SourceVersion "1"]
[SourceVersionDate "2010.05.04"]
[SourceQuality "1"]

1. e4 c5 2. b3 b6 3. Bb2 Bb7 4. Nc3 e6 5. f4 a6 6. Nf3 d5 7. Qe2 d4 8. Nb1 Nf6 9. d3 Nc6 10. g3 Be7 11. Bh3 h5 12. 0-0 Qc7 13. Nbd2 Ng4 14. Bxg4 hxg4 15. Ne5 Nxe5 16. fxe5 Qxe5 17. Qxg4 Qh5 18. Qxh5 Rxh5 19. Nc4 b5 20. Na5 Bc8 21. b4 Bg5 22. Nb3 Be3+ 23. Kh1 cxb4 24. Bxd4 Bxd4 25. Nxd4 Bb7 26. Kg1 Ke7 27. Rab1 a5 28. a3 Rd8 29. Nb3 Rc8 30. Rfc1 bxa3 31. Nxa5 Ba6 32. Nb3 Kd6 33. d4 b4 34. Nc5 Rhxc5 35. dxc5+ Kxc5 36. c3 Rd8 37. cxb4+ Kb5 38. Rc5+ Kb6 39. Ra5 Rd4 40. Rxa3 Rxe4 41. Rb2 Kb5 42. Kf2 Bb7 43. Rc3 Kb6 44. Rf3 f6 45. Re3 Kb5 46. h4 e5 47. Rxe4 Bxe4 48. Ke3 Bc6 49. Rc2 g6 50. Rc5+ Kb6 51. Rxc6+ Kxc6 52. g4 1-0